[Event "IMSA Rapid w 2016"]
[Site "Huai'an CHN"]
[Date "2016.02.26"]
[Round "1.1"]
[White "Ju, Wenjun"]
[Black "Socko, Monika"]
[Result "1/2-1/2"]
[WhiteTitle "GM"]
[BlackTitle "GM"]
[WhiteElo "2558"]
[BlackElo "2448"]
[WhiteFideId "8603006"]
[BlackFideId "1106619"]
[EventDate "2016.02.26"]

1. c4 Nf6 2. Nc3 e6 3. e4 d5 4. cxd5 exd5 5. e5 d4 6. exf6 dxc3 7. Bb5+ c6 8.
Qe2+ Be6 9. Bc4 Qxf6 10. dxc3 Bc5 11. Nf3 O-O 12. Bxe6 Qxe6 13. Qxe6 fxe6 14.
O-O Nd7 15. Re1 e5 16. Be3 e4 17. Ng5 Rae8 18. Rad1 Bxe3 19. Rxe3 Nc5 20. Rde1
Nd3 21. R1e2 Nc1 22. Rc2 Nd3 23. Nxe4 Nf4 24. f3 Rd8 25. Kf2 Rd1 26. b3 Rfd8 27.
Kg3 Nd5 28. Ree2 Rd3 29. Nc5 Rxc3 30. Nxb7 Rd7 31. Nc5 Rxc2 32. Rxc2 Rd6 33. Rd2
Kf7 34. Ne4 Rg6+ 35. Kf2 h6 36. g3 Re6 37. Rd4 Nf6 38. Nd2 Re7 39. Nc4 Nd5 40.
Rd2 Re6 41. f4 Kf6 42. Ne5 g5 43. Kf3 gxf4 44. gxf4 Nxf4 45. Nxc6 Rxc6 46. Kxf4
a5 47. Rd4 Ke6 48. h4 Rc5 49. Kg4 h5+ 50. Kf4 Rf5+ 51. Ke4 Rc5 52. Rc4 Rb5 53.
Kf4 Rf5+ 54. Ke3 Rb5 55. Rc6+ Kf5 56. Kf3 Ke5 57. Rg6 Rb4 58. Rg5+ Kf6 59. Rxa5
Rxh4 60. Rb5 Ke6 61. a4 Rh1 62. a5 Kd6 63. b4 Kc7 64. a6 h4 65. Rb7+ Kc8 66. b5
Ra1 67. Kg4 Ra4+ 68. Kh3 Rb4 69. Rb6 Ra4 70. Rb7 Rb4 71. Kh2 Rb3 72. Rb6 Ra3 73.
Rh6 Kb8 74. Rxh4 Rb3 75. Rh5 Ka7 76. Kg2 Kb6 77. Kf2 Ra3 78. Ke2 Rb3 79. Kd2 Ra3
80. Kc2 Rg3 81. Rd5 Rh3 82. Kb2 Rg3 83. Kc2 Rh3 84. Kd2 Rg3 85. Re5 Rh3 86. Kc2
Rg3 87. Rd5 Rh3 88. Rd8 Ra3 89. Rd3 Ra1 90. Rb3 Rh1 91. Kc3 Rh3+ 92. Kb4 Rh4+
93. Ka3 Rh5 94. Ka4 Rh4+ 95. Rb4 Rh1 96. Rg4 Ra1+ 97. Kb4 Rb1+ 98. Kc4 Rc1+ 99.
Kb3 Kxb5 100. a7 Ra1 101. Rb4+ Kc6 102. Ra4 Rxa4 103. Kxa4 Kb7 1/2-1/2

[Event "IMSA Rapid w 2016"]
[Site "Huai'an CHN"]
[Date "2016.02.26"]
[Round "1.4"]
[White "Tan, Zhongyi"]
[Black "Huang, Qian"]
[Result "1-0"]
[WhiteTitle "WGM"]
[BlackTitle "WGM"]
[WhiteElo "2504"]
[BlackElo "2450"]
[WhiteFideId "8603642"]
[BlackFideId "8602689"]
[EventDate "2016.02.26"]

1. d4 d6 2. Nf3 g6 3. c4 Bg7 4. Nc3 e5 5. g3 exd4 6. Nxd4 Ne7 7. Bg2 O-O 8. O-O
Nbc6 9. Nxc6 bxc6 10. Bg5 Bd7 11. Qd2 Rb8 12. b3 Qe8 13. e4 c5 14. Rae1 f6 15.
Be3 Qc8 16. h4 h5 17. f4 Rf7 18. Kh2 Kh8 19. f5 gxf5 20. Qd1 Bf8 21. Bc1 fxe4
22. Nxe4 Bg4 23. Qd3 Nf5 24. Nf2 Nh6 25. Bxh6 Bxh6 26. Qg6 Qf8 27. Nxg4 hxg4 28.
Bd5 Rh7 29. Rxf6 Qd8 30. Rfe6 Bf8 31. Qg8+ 1-0

[Event "IMSA Rapid w 2016"]
[Site "Huai'an CHN"]
[Date "2016.02.26"]
[Round "1.5"]
[White "Zhao, Xue"]
[Black "Gunina, Valentina"]
[Result "0-1"]
[WhiteTitle "GM"]
[BlackTitle "GM"]
[WhiteElo "2506"]
[BlackElo "2496"]
[WhiteFideId "8601283"]
[BlackFideId "4167570"]
[EventDate "2016.02.26"]

1. Nf3 d5 2. g3 c6 3. Bg2 Bg4 4. O-O Nd7 5. d4 e6 6. Nbd2 Ngf6 7. h3 Bh5 8. c4
Bd6 9. b3 Qe7 10. Bb2 Ba3 11. Bc3 O-O 12. c5 a5 13. Nb1 Bb4 14. Bb2 a4 15. a3
Ba5 16. b4 Bc7 17. Nbd2 Ne4 18. Nxe4 dxe4 19. Ne5 f5 20. Qc2 Nf6 21. f3 Nd5 22.
Bc1 exf3 23. Bxf3 Bxf3 24. Rxf3 Rad8 25. Bb2 Nf6 26. Kg2 Ne4 27. Rd1 Qg5 28. Bc1
Qh5 29. Qxa4 Rd5 30. Rdd3 Bxe5 31. dxe5 Rxe5 32. Qc2 Rd5 33. a4 Rfd8 34. Be3 g5
35. Rxd5 Rxd5 36. Rf1 Qg6 37. b5 f4 38. bxc6 bxc6 39. Qb3 Nxg3 40. Rf3 Nxe2 41.
Qb8+ Kg7 42. Qb2+ Kh6 43. Qxe2 Qe4 44. Qb2 fxe3 45. Qf6+ Kh5 46. Qf7+ Kh4 47.
Qf6 Rd2+ 48. Kg1 h5 49. a5 e2 0-1

[Event "IMSA Rapid w 2016"]
[Site "Huai'an CHN"]
[Date "2016.02.26"]
[Round "1.6"]
[White "Lagno, Kateryna"]
[Black "Khotenashvili, Bela"]
[Result "0-1"]
[WhiteTitle "GM"]
[BlackTitle "GM"]
[WhiteElo "2529"]
[BlackElo "2502"]
[WhiteFideId "14109336"]
[BlackFideId "13602640"]
[EventDate "2016.02.26"]

1. e4 c6 2. d4 d5 3. Nd2 dxe4 4. Nxe4 Nf6 5. Nxf6+ exf6 6. c3 Bd6 7. Bd3 O-O 8.
Qc2 h6 9. Ne2 Qc7 10. Ng3 Re8+ 11. Be3 c5 12. d5 c4 13. Be4 Na6 14. O-O Nc5 15.
Bh7+ Kh8 16. b4 Nd7 17. Rfe1 Nf8 18. Be4 a5 19. b5 a4 20. b6 Qb8 21. Bd4 Bd7 22.
Re2 Bg4 23. Ree1 a3 24. Nf1 Bd7 25. h3 Be5 26. Bc5 Bd6 27. Bd4 Be5 28. Nd2 Ba4
29. Qc1 Bxd4 30. cxd4 f5 31. Bxf5 Rxe1+ 32. Qxe1 Qf4 33. Bg4 Qxd4 34. Nf3 Qxd5
35. Qc3 h5 36. Bxh5 Qxh5 37. Qxc4 Bc6 38. Ne1 Ne6 39. Nd3 Qd5 40. Qh4+ Kg8 41.
Qg3 Nd4 42. Nf4 Qe5 0-1

[Event "IMSA Rapid w 2016"]
[Site "Huai'an CHN"]
[Date "2016.02.26"]
[Round "2.1"]
[White "Gunina, Valentina"]
[Black "Dzagnidze, Nana"]
[Result "1/2-1/2"]
[WhiteTitle "GM"]
[BlackTitle "GM"]
[WhiteElo "2496"]
[BlackElo "2529"]
[WhiteFideId "4167570"]
[BlackFideId "13601903"]
[EventDate "2016.02.26"]

1. d4 Nf6 2. c4 e6 3. Nf3 d5 4. Nc3 dxc4 5. e4 Bb4 6. Bg5 c5 7. Bxc4 cxd4 8.
Nxd4 Bxc3+ 9. bxc3 Qa5 10. Bb5+ Bd7 11. Bxf6 gxf6 12. Qb3 O-O 13. O-O Nc6 14.
Bxc6 bxc6 15. Qd1 Rfd8 16. Qf3 Qe5 17. Qe3 Be8 18. f4 Qc5 19. Kh1 Rab8 20. Qg3+
Kf8 21. Rad1 Qh5 22. Qe3 Rd7 23. Rb1 Rxb1 24. Rxb1 Qa5 25. f5 Qxa2 26. Re1 Rb7
27. fxe6 Rb1 28. h3 Rxe1+ 29. Qxe1 fxe6 30. Qh4 Kg7 31. Qg3+ Bg6 32. Kh2 e5 33.
Nf5+ Kf8 34. Ne3 Qe2 35. Ng4 Qxe4 36. Nxf6 Qf4 37. Nd7+ Ke7 38. Nxe5 Qxg3+ 39.
Kxg3 Kd6 40. Kf4 Kd5 41. g4 a5 42. c4+ Kc5 43. Ke3 Be8 44. Kd3 Kb4 45. Kc2 a4
46. h4 a3 47. h5 Kc5 48. Kc3 Kd6 49. Nf3 Bf7 50. Ng5 Bg8 51. Kb3 Ke5 52. Kxa3 h6
53. Nh3 Be6 54. Nf2 Bxc4 55. Kb4 Kd4 56. g5 c5+ 57. Ka3 hxg5 58. h6 Bg8 59. Ng4
Bh7 60. Nf6 Bg6 61. h7 Bxh7 62. Nxh7 g4 63. Nf6 g3 64. Nh5 g2 65. Nf4 g1=N 66.
Ne6+ Kd5 67. Nxc5 1/2-1/2

[Event "IMSA Rapid w 2016"]
[Site "Huai'an CHN"]
[Date "2016.02.26"]
[Round "2.2"]
[White "Khotenashvili, Bela"]
[Black "Tan, Zhongyi"]
[Result "0-1"]
[WhiteTitle "GM"]
[BlackTitle "WGM"]
[WhiteElo "2502"]
[BlackElo "2504"]
[WhiteFideId "13602640"]
[BlackFideId "8603642"]
[EventDate "2016.02.26"]

1. Nf3 d5 2. c4 e6 3. g3 Nf6 4. Bg2 d4 5. O-O c5 6. e3 Nc6 7. exd4 cxd4 8. d3
Bd6 9. Re1 O-O 10. Nbd2 Re8 11. Nh4 Be7 12. f4 e5 13. f5 e4 14. dxe4 d3 15. Nb3
Ne5 16. Be3 Bb4 17. Bd4 Bxe1 18. Qxe1 Bd7 19. Qc3 Qc7 20. Nd2 b5 21. c5 b4 22.
Qxb4 Nc6 23. Qc3 Nxd4 24. Qxd4 Rad8 25. Qc3 Bc6 26. Re1 Qb7 27. e5 Bxg2 28. Nxg2
Nd5 29. Qd4 Nb4 30. Qe4 Qb5 31. Qc4 Qxc4 32. Nxc4 Rd4 33. b3 Nc6 34. e6 fxe6 35.
fxe6 d2 36. Rd1 Rxe6 37. Kf1 Rh6 38. h4 Rg6 39. Kf2 Rf6+ 40. Nf4 Rf5 41. Ke3
Rxc5 42. Rxd2 Rxd2 43. Kxd2 Ne5 44. Ne3 Kf7 45. Ke2 Rc6 46. Kd2 Rd6+ 47. Ke2 Ra6
48. a4 Rb6 49. Nf5 Rxb3 50. Nd6+ Kg8 51. Ne4 Ng4 52. Nd5 Ra3 53. Ndc3 Nf6 54.
Nxf6+ gxf6 55. Kd3 Kf7 56. g4 Ke6 57. Kd4 f5 58. g5 f4 59. h5 Kf5 60. g6 hxg6
61. h6 Kf6 62. Ne4+ Kf7 63. Ke5 Rxa4 64. Ng5+ Kg8 65. Kf6 Ra6+ 66. Ke7 Ra5 0-1

[Event "IMSA Rapid w 2016"]
[Site "Huai'an CHN"]
[Date "2016.02.26"]
[Round "2.8"]
[White "Huang, Qian"]
[Black "Lagno, Kateryna"]
[Result "0-1"]
[WhiteTitle "WGM"]
[BlackTitle "GM"]
[WhiteElo "2450"]
[BlackElo "2529"]
[WhiteFideId "8602689"]
[BlackFideId "14109336"]
[EventDate "2016.02.26"]

1. d4 Nf6 2. c4 g6 3. Nc3 d5 4. Nf3 Bg7 5. Qb3 dxc4 6. Qxc4 O-O 7. Bf4 Na6 8.
Rd1 c6 9. Qb3 Be6 10. Qa4 Qb6 11. Bc1 Nb4 12. e4 Nxa2 13. Nxa2 Bb3 14. Qa3 Bxd1
15. Kxd1 Nxe4 16. Be3 c5 17. dxc5 Rfd8+ 18. Kc2 Rac8 19. Bc4 Qf6 20. Nc1 Nxc5
21. Kb1 Na4 22. Bg5 Qb6 23. Be3 Qxb2+ 24. Qxb2 Nxb2 25. Bb3 Nc4 26. Rd1 Rxd1 27.
Bxd1 Nxe3 28. fxe3 e6 29. Nd3 Kf8 30. e4 Bc3 31. Ka2 b5 32. Nfe5 Rd8 33. Bc2
Bxe5 34. Nxe5 Rd2 0-1

[Event "IMSA Rapid w 2016"]
[Site "Huai'an CHN"]
[Date "2016.02.26"]
[Round "3.1"]
[White "Tan, Zhongyi"]
[Black "Gunina, Valentina"]
[Result "1-0"]
[WhiteTitle "WGM"]
[BlackTitle "GM"]
[WhiteElo "2504"]
[BlackElo "2496"]
[WhiteFideId "8603642"]
[BlackFideId "4167570"]
[EventDate "2016.02.26"]

1. Nf3 d5 2. g3 c6 3. Bg2 Bg4 4. O-O Nd7 5. c4 e6 6. cxd5 exd5 7. d3 Ngf6 8. h3
Bh5 9. Nc3 Bc5 10. e4 dxe4 11. dxe4 Bxf3 12. Bxf3 Ne5 13. Be2 O-O 14. Kg2 Qe7
15. f4 Ng6 16. Qc2 Rad8 17. Bf3 Ne8 18. Bd2 Nc7 19. Rad1 Ne6 20. Ne2 Nd4 21.
Nxd4 Bxd4 22. e5 Rfe8 23. Ba5 Rd7 24. Qa4 Bxb2 25. Bb4 Qd8 26. Rxd7 Qxd7 27. Rd1
Qf5 28. Bd6 Bxe5 29. fxe5 Nxe5 30. Bxe5 Qxe5 31. Qxa7 h5 32. Qxb7 Rb8 33. Re1
Qd6 34. Qxc6 Rb2+ 35. Kh1 Qxc6 36. Bxc6 Rxa2 37. Bd5 Ra7 38. Kg2 g6 39. Kf3 Kg7
40. Re3 Rd7 41. Ke4 Re7+ 42. Kd4 Ra7 43. Rf3 Re7 44. Rb3 Re1 45. Rb7 Rd1+ 46.
Ke5 Rf1 47. Kd6 Kf8 48. g4 hxg4 49. hxg4 Rf6+ 50. Ke5 Kg7 51. Rc7 Rf2 52. Kd6
Rf6+ 53. Ke7 Rf4 54. Rc4 Rf2 55. Kd6 Kh6 56. Rc7 f6 57. Be6 Kg5 58. Rg7 Rb2 59.
Bf5 Rb6+ 60. Kc5 Ra6 61. Rxg6+ Kf4 62. Kd5 Ra5+ 63. Ke6 Ra6+ 64. Kf7 Ke5 65. Rg8 1-0

[Event "IMSA Rapid w 2016"]
[Site "Huai'an CHN"]
[Date "2016.02.26"]
[Round "3.4"]
[White "Ju, Wenjun"]
[Black "Khotenashvili, Bela"]
[Result "1/2-1/2"]
[WhiteTitle "GM"]
[BlackTitle "GM"]
[WhiteElo "2558"]
[BlackElo "2502"]
[WhiteFideId "8603006"]
[BlackFideId "13602640"]
[EventDate "2016.02.26"]

1. c4 e5 2. Nc3 Nc6 3. e3 g6 4. d4 d6 5. dxe5 dxe5 6. Qxd8+ Nxd8 7. b3 c6 8. Bb2
f6 9. O-O-O Nf7 10. Bd3 Ngh6 11. h3 Nf5 12. Nf3 Ng7 13. Bc2 Be7 14. g4 O-O 15.
Ne4 a5 16. g5 fxg5 17. Nxe5 Nxe5 18. Bxe5 Bf5 19. f3 a4 20. Kb2 axb3 21. axb3
Be6 22. f4 gxf4 23. exf4 Nh5 24. Ng5 Bf5 25. Bxf5 Rxf5 26. Ne6 Bf6 27. Bxf6 Rxf6
28. Nd8 b6 29. Rhe1 Ra7 30. Re8+ Kg7 31. Ne6+ Kh6 32. Rd6 c5 33. Rxb6 Nxf4 34.
Rc6 Raf7 35. Ka3 Ra7+ 36. Kb2 Raf7 37. Ka3 Ra7+ 38. Kb2 Raf7 1/2-1/2

[Event "IMSA Rapid w 2016"]
[Site "Huai'an CHN"]
[Date "2016.02.26"]
[Round "3.6"]
[White "Lagno, Kateryna"]
[Black "Socko, Monika"]
[Result "1-0"]
[WhiteTitle "GM"]
[BlackTitle "GM"]
[WhiteElo "2529"]
[BlackElo "2448"]
[WhiteFideId "14109336"]
[BlackFideId "1106619"]
[EventDate "2016.02.26"]

1. e4 e6 2. d4 d5 3. Nc3 Bb4 4. e5 c5 5. a3 Bxc3+ 6. bxc3 Ne7 7. Qg4 Kf8 8. Qd1
Qa5 9. Bd2 Qa4 10. Nf3 b6 11. dxc5 Ba6 12. cxb6 axb6 13. Bd3 Nbc6 14. O-O Ng6
15. Qe2 Ke7 16. h4 Bxd3 17. cxd3 Qg4 18. Qe3 Rhb8 19. Rab1 Ra6 20. Rb3 Kd7 21.
Rfb1 Nxh4 22. Nxh4 Qxh4 23. Qe2 Ra4 24. Bc1 Rg4 25. Rxb6 Rxb6 26. Rxb6 Qh5 27.
f4 Qg6 28. Be3 Kc7 29. Qb2 d4 30. Bxd4 Rxg2+ 31. Qxg2 Nxd4 32. Rb7+ Kc8 33. Qxg6
fxg6 34. Rxg7 Ne2+ 35. Kf2 Nxf4 36. Ke3 Nd5+ 37. Kd4 h5 38. Rxg6 Ne7 39. Rxe6
Kd7 40. Rxe7+ 1-0

[Event "IMSA Rapid w 2016"]
[Site "Huai'an CHN"]
[Date "2016.02.26"]
[Round "4.1"]
[White "Dzagnidze, Nana"]
[Black "Tan, Zhongyi"]
[Result "0-1"]
[WhiteTitle "GM"]
[BlackTitle "WGM"]
[WhiteElo "2529"]
[BlackElo "2504"]
[WhiteFideId "13601903"]
[BlackFideId "8603642"]
[EventDate "2016.02.26"]

1. d4 Nf6 2. c4 e6 3. Nf3 b6 4. g3 Bb7 5. Bg2 Bb4+ 6. Bd2 Bxd2+ 7. Qxd2 O-O 8.
O-O d6 9. Qc2 Be4 10. Qc1 Bb7 11. Rd1 Nbd7 12. Ne1 Qc8 13. Nc3 Bxg2 14. Nxg2 Qb7
15. f3 a6 16. e4 b5 17. Ne3 bxc4 18. Nxc4 a5 19. Ne3 a4 20. Qc2 Qa7 21. Rac1
Rfb8 22. Kf2 h6 23. Rd2 Rb4 24. Ne2 c5 25. Qc3 Rab8 26. Rcc2 Qa6 27. Kg2 Qc8 28.
dxc5 Nxc5 29. Rd4 Nfxe4 30. fxe4 Nxe4 31. Qc6 Qxc6 32. Rxc6 Rxb2 33. Rc2 d5 34.
Kf3 Rxc2 35. Nxc2 Rb2 36. Nb4 Nd2+ 37. Kf2 Nc4 38. a3 Nxa3 39. Nd3 Rd2 40. Ke1
Ra2 41. Ndc1 Ra1 42. Kd1 Nc4 43. Kc2 Kh7 44. Rd3 e5 45. Nc3 d4 46. N3a2 a3 47.
Kb3 Ne3 48. Kxa3 Rb1 49. Rb3 Rxb3+ 50. Kxb3 Nf1 51. Nb4 Nxh2 52. Nc6 f6 53. Kc4
Kg6 54. Kd3 Nf1 55. Ne2 Kf5 56. Ne7+ Kg4 57. Ke4 h5 58. Nf5 d3 59. Nc3 Nxg3+ 60.
Nxg3 Kxg3 61. Kxd3 Kf3 62. Ne4 h4 63. Nd2+ Kf2 64. Ne4+ Kg2 65. Ke2 h3 66. Kd2
h2 0-1

[Event "IMSA Rapid w 2016"]
[Site "Huai'an CHN"]
[Date "2016.02.26"]
[Round "4.4"]
[White "Gunina, Valentina"]
[Black "Ju, Wenjun"]
[Result "1/2-1/2"]
[WhiteTitle "GM"]
[BlackTitle "GM"]
[WhiteElo "2496"]
[BlackElo "2558"]
[WhiteFideId "4167570"]
[BlackFideId "8603006"]
[EventDate "2016.02.26"]

1. d4 Nf6 2. c4 e6 3. Nf3 d5 4. Nc3 c5 5. cxd5 cxd4 6. Qxd4 exd5 7. e4 Nc6 8.
Bb5 dxe4 9. Qxd8+ Kxd8 10. Ng5 Be6 11. Nxe6+ fxe6 12. Bg5 Kc7 13. Bxc6 bxc6 14.
Bxf6 gxf6 15. Nxe4 Be7 16. O-O-O Rhg8 17. g3 e5 18. Rhe1 Rad8 19. Rxd8 Rxd8 20.
Rd1 Rxd1+ 21. Kxd1 f5 22. Nd2 Kd6 23. Ke2 Kd5 24. Nf1 e4 25. Ne3+ Ke5 26. b3 Bc5
27. Nc4+ Kd4 28. Na5 Kd5 29. h3 Bd6 30. Nc4 Bc5 31. f3 Bd4 32. fxe4+ fxe4 33.
Ne3+ Ke5 34. Ng2 Bb6 35. Nf4 Bc7 36. Nh5 Bd8 37. g4 Be7 38. Ng3 Kf4 39. Nf5 Bc5
40. Ng7 Be7 41. Nf5 Bc5 42. Ng7 Be7 43. Nf5 Bc5 44. a4 a5 45. Ng7 Be7 46. Nh5+
Ke5 47. Ng3 Kf4 48. Nf5 Bc5 49. Ng7 Be7 50. Nf5 Bc5 1/2-1/2

[Event "IMSA Rapid w 2016"]
[Site "Huai'an CHN"]
[Date "2016.02.27"]
[Round "5.2"]
[White "Lagno, Kateryna"]
[Black "Dzagnidze, Nana"]
[Result "1-0"]
[WhiteTitle "GM"]
[BlackTitle "GM"]
[WhiteElo "2529"]
[BlackElo "2529"]
[WhiteFideId "14109336"]
[BlackFideId "13601903"]
[EventDate "2016.02.26"]

1. e4 e5 2. Nf3 Nc6 3. Bb5 a6 4. Ba4 Nf6 5. d3 b5 6. Bb3 Be7 7. a4 b4 8. Nbd2
O-O 9. Nc4 d6 10. O-O Bg4 11. Be3 Nd7 12. h3 Be6 13. a5 Qb8 14. Ncd2 Kh8 15.
Bxe6 fxe6 16. c3 Qb5 17. c4 Qb7 18. d4 exd4 19. Nxd4 Nxd4 20. Bxd4 Bf6 21. Bxf6
Rxf6 22. Qe2 Raf8 23. Qe3 e5 24. Nb3 Rg6 25. c5 Nf6 26. cxd6 Nxe4 27. f3 Nxd6
28. Rac1 Nf5 29. Qc5 Qa8 30. Rc4 Nd6 31. Rxb4 e4 32. fxe4 Rxf1+ 33. Kxf1 Nxe4
34. Qxc7 Rf6+ 35. Kg1 Rf8 36. Qb7 Qxb7 37. Rxb7 h5 38. h4 Ng3 39. Nd4 Rf4 40.
Nf3 Rf5 41. b4 Ne4 42. Rb6 Rf6 43. Rxf6 gxf6 44. b5 Nc5 45. bxa6 Nxa6 46. Kf2
Kg7 47. Ke3 Kg6 48. Ke4 Nb4 49. Nd4 Na6 50. Ne6 Kf7 51. Nf4 1-0

[Event "IMSA Rapid w 2016"]
[Site "Huai'an CHN"]
[Date "2016.02.27"]
[Round "5.3"]
[White "Zhao, Xue"]
[Black "Khotenashvili, Bela"]
[Result "1-0"]
[WhiteTitle "GM"]
[BlackTitle "GM"]
[WhiteElo "2506"]
[BlackElo "2502"]
[WhiteFideId "8601283"]
[BlackFideId "13602640"]
[EventDate "2016.02.26"]

1. d4 g6 2. c4 Bg7 3. e4 c5 4. d5 d6 5. Bd3 e6 6. Nf3 Ne7 7. O-O O-O 8. Nc3 h6
9. Re1 e5 10. a3 f5 11. b4 Na6 12. Rb1 b6 13. Re2 g5 14. exf5 Bxf5 15. Be4 Qd7
16. Be3 Rac8 17. Nd2 Ng6 18. Bxf5 Rxf5 19. Qa4 Qxa4 20. Nxa4 cxb4 21. axb4 Nf4
22. Ree1 Nd3 23. Red1 Ndxb4 24. Nc3 Nc2 25. Nb5 Bf8 26. Ne4 Rd8 27. Nxa7 Nc5 28.
Bxc5 bxc5 29. Rb6 Rf4 30. f3 g4 31. Nb5 gxf3 32. gxf3 Ne3 33. Rc1 Nf5 34. Rc3
Nd4 35. Nxd4 exd4 36. Ra3 Rf7 37. Kf2 Be7 38. Ke2 Rg7 39. Ra7 Kf8 40. Rbb7 Re8
41. Kd3 Rf7 42. Ke2 Rg7 43. Kf1 h5 44. Nxd6 Bxd6 45. Rxg7 Rb8 46. Rgb7 Re8 47.
Rf7+ Kg8 48. Rg7+ Kh8 49. Rh7+ Kg8 50. Rag7+ Kf8 51. Rh8+ Kxg7 52. Rxe8 Bxh2 53.
Re6 Kf7 54. Rh6 Bg3 55. Rxh5 d3 56. Rh6 Ke7 57. Rc6 Kd7 58. Re6 Kc7 59. Re3 1-0

[Event "IMSA Rapid w 2016"]
[Site "Huai'an CHN"]
[Date "2016.02.27"]
[Round "5.8"]
[White "Harika, Dronavalli"]
[Black "Huang, Qian"]
[Result "1/2-1/2"]
[WhiteTitle "GM"]
[BlackTitle "WGM"]
[WhiteElo "2511"]
[BlackElo "2450"]
[WhiteFideId "5015197"]
[BlackFideId "8602689"]
[EventDate "2016.02.26"]

1. c4 Nf6 2. Nc3 c6 3. Nf3 d5 4. e3 g6 5. d4 Bg7 6. Be2 O-O 7. O-O a6 8. a4 a5
9. Qb3 e6 10. Bd2 Nbd7 11. Rac1 b6 12. Rfe1 Bb7 13. c5 Qc7 14. cxb6 Qxb6 15.
Qxb6 Nxb6 16. Ne5 Nfd7 17. Nxd7 Nxd7 18. Rc2 Rfb8 19. Na2 Bf8 20. Nc1 Ba6 21.
Bxa6 Rxa6 22. Nd3 Rb3 23. Bc3 Bd6 24. Kf1 Ra8 25. Ke2 c5 26. dxc5 Nxc5 27. Nxc5
Bxc5 28. Be5 Be7 29. Rec1 f6 30. Rc8+ Rxc8 31. Rxc8+ Kf7 32. Bc3 e5 33. Ra8 Ba3
34. Rxa5 Bxb2 35. Bd2 d4 36. Rb5 d3+ 37. Kf3 Rxb5 38. axb5 f5 39. e4 Ke6 40. Ke3
Bd4+ 41. Kxd3 Bxf2 42. Bc3 Kd6 43. h3 h5 44. Bb4+ Ke6 45. Ba5 Kd6 46. Bb4+ Bc5
47. Bc3 Bf2 48. Bb2 Bg1 49. Ba3+ Bc5 50. Bc1 Bd4 51. exf5 gxf5 52. Kc4 Ba7 53.
Bh6 Ke6 54. Bd2 Bb6 55. Be1 f4 56. Bd2 Ba7 57. Ba5 e4 58. b6 Bb8 59. Bd2 e3 60.
Be1 Ke5 61. Kd3 Kd5 62. h4 Bd6 63. b7 Kc6 64. Ke4 Kxb7 65. Kf3 Kc6 66. g3 fxg3
67. Kxe3 g2 68. Kf2 Bg3+ 69. Kxg2 Bxe1 70. Kh1 Kd5 71. Kg1 Ke4 72. Kh1 Kf3 73.
Kg1 Kg3 74. Kh1 Bf2 1/2-1/2

[Event "IMSA Rapid w 2016"]
[Site "Huai'an CHN"]
[Date "2016.02.27"]
[Round "6.1"]
[White "Lagno, Kateryna"]
[Black "Tan, Zhongyi"]
[Result "1-0"]
[WhiteTitle "GM"]
[BlackTitle "WGM"]
[WhiteElo "2529"]
[BlackElo "2504"]
[WhiteFideId "14109336"]
[BlackFideId "8603642"]
[EventDate "2016.02.26"]

1. e4 d6 2. d4 Nf6 3. Nc3 g6 4. Be3 a6 5. h3 Bg7 6. Bd3 O-O 7. Nf3 b5 8. a4 b4
9. Ne2 Bb7 10. Ng3 Nbd7 11. Qd2 a5 12. c3 c5 13. O-O c4 14. Bxc4 bxc3 15. bxc3
Nxe4 16. Nxe4 Bxe4 17. Ng5 Bc6 18. Qa2 Qe8 19. Rab1 Nf6 20. Rb6 e6 21. Bf4 h6
22. Nxf7 Rxf7 23. Bxe6 Bd7 24. Bxf7+ Qxf7 25. Qxf7+ Kxf7 26. Bxd6 Bxa4 27. Rb7+
Kg8 28. Be5 Rc8 29. Ra1 Bc6 30. Ra7 a4 31. c4 Be8 32. c5 Nh5 33. Bxg7 Nxg7 34.
Rc1 Ne6 35. d5 Nf4 36. Rd1 Ne2+ 37. Kh2 Nc3 38. Rd3 Nb5 39. Rxa4 Rxc5 40. Ra8
Nd6 41. Rd8 Rc8 42. Rxd6 Kf7 43. Rf3+ Ke7 44. Re6+ Kd7 45. Rf8 1-0

[Event "IMSA Rapid w 2016"]
[Site "Huai'an CHN"]
[Date "2016.02.27"]
[Round "6.3"]
[White "Dzagnidze, Nana"]
[Black "Zhao, Xue"]
[Result "1-0"]
[WhiteTitle "GM"]
[BlackTitle "GM"]
[WhiteElo "2529"]
[BlackElo "2506"]
[WhiteFideId "13601903"]
[BlackFideId "8601283"]
[EventDate "2016.02.26"]

1. d4 e6 2. c4 b6 3. Nc3 Bb4 4. Nf3 Bb7 5. Bd2 f5 6. d5 Nf6 7. a3 Bxc3 8. Bxc3
O-O 9. e3 Ne4 10. Rc1 a5 11. Be2 Na6 12. Bd4 c5 13. Bc3 exd5 14. cxd5 Nc7 15.
Qb3 Bxd5 16. Qxb6 Rb8 17. Qxa5 Re8 18. Qa4 Bb3 19. Bc4+ Bxc4 20. Qxc4+ d5 21.
Qa2 Nb5 22. O-O Nbxc3 23. bxc3 c4 24. Nd4 Qd7 25. a4 Ra8 26. a5 Ra6 27. f3 Nd6
28. Qa3 Rea8 29. Ra1 Qc7 30. Qb4 Rb8 31. Qa4 Rba8 32. Qc2 g6 33. Qf2 Nb7 34. Qh4
Rxa5 35. Rxa5 Rxa5 36. e4 fxe4 37. fxe4 Nd8 38. Qf6 Nf7 39. Ne6 1-0

[Event "IMSA Rapid w 2016"]
[Site "Huai'an CHN"]
[Date "2016.02.27"]
[Round "6.5"]
[White "Khotenashvili, Bela"]
[Black "Gunina, Valentina"]
[Result "1-0"]
[WhiteTitle "GM"]
[BlackTitle "GM"]
[WhiteElo "2502"]
[BlackElo "2496"]
[WhiteFideId "13602640"]
[BlackFideId "4167570"]
[EventDate "2016.02.26"]

1. Nf3 d5 2. c4 c6 3. g3 Nf6 4. Bg2 dxc4 5. O-O Nbd7 6. a4 a5 7. Na3 Nb6 8. Qc2
g6 9. Nxc4 Nxc4 10. Qxc4 Bg7 11. d3 O-O 12. Qh4 Bg4 13. h3 Bxf3 14. Bxf3 Nd5 15.
Bg5 Re8 16. Rac1 Qd7 17. d4 Ra6 18. Rfd1 Rb6 19. e4 Nc7 20. d5 cxd5 21. exd5 Rb4
22. Rc4 Na6 23. Rxb4 Nxb4 24. b3 e5 25. d6 Nc2 26. Bg4 f5 27. Bxf5 gxf5 28. Qc4+
Re6 29. Qxc2 Rxd6 30. Rxd6 Qxd6 31. Qc8+ Qf8 32. Qxb7 f4 33. Be7 Qe8 34. Qd5+
Kh8 35. Qd8 1-0

[Event "IMSA Rapid w 2016"]
[Site "Huai'an CHN"]
[Date "2016.02.27"]
[Round "7.2"]
[White "Ju, Wenjun"]
[Black "Lagno, Kateryna"]
[Result "1-0"]
[WhiteTitle "GM"]
[BlackTitle "GM"]
[WhiteElo "2558"]
[BlackElo "2529"]
[WhiteFideId "8603006"]
[BlackFideId "14109336"]
[EventDate "2016.02.26"]
[EventType "rapid"]

1. d4 Nf6 2. c4 g6 3. Nc3 d5 4. Nf3 Bg7 5. Bg5 Ne4 6. Bf4 O-O 7. cxd5 Nxc3 8.
bxc3 Qxd5 9. e3 Qa5 10. Qd2 c5 11. Be5 cxd4 12. cxd4 Nc6 13. Qxa5 Nxa5 14. Bc7
b6 15. Bb5 Be6 16. Ke2 a6 17. Bd3 Nc4 18. Ng5 Bd5 19. Rac1 b5 20. e4 Rac8 21.
Bf4 Bb7 22. Nf3 Rfd8 23. d5 e6 24. dxe6 fxe6 25. h4 h6 26. Rc2 Rxd3 27. Kxd3
Nb2+ 28. Rxb2 Bxb2 29. Be5 Ba3 30. Nd4 b4 31. Nxe6 a5 32. Nc7 Rd8+ 33. Ke3 b3
34. axb3 Bc5+ 35. Ke2 Bxe4 36. Ne6 Rd5 37. Nxc5 Rxc5 38. Bd4 Rb5 39. f3 Bd5 40.
Rc1 Rb4 41. Ke3 Rxb3+ 42. Kf4 Rb8 43. Rc5 Bf7 44. Rxa5 h5 45. Be5 Rd8 46. Ra7
Re8 47. Bf6 Re2 48. Be5 Bd5 49. Rd7 Bc4 50. Rg7+ Kf8 51. Rxg6 Bf7 52. Rg5 Ke7
53. Bd4 Ke6 54. g3 Be8 55. Ra5 Rd2 56. Re5+ Kd7 57. Be3 Re2 58. g4 hxg4 59. fxg4
Rh2 60. Kg3 Rh1 61. Bg5 Bg6 62. h5 Bc2 63. Bh4 Rg1+ 64. Kf4 Bd1 65. Bg3 Rf1+ 66.
Kg5 Rg1 67. Re3 Bc2 68. h6 Ra1 69. Rc3 Ra5+ 70. Kh4 Bg6 71. h7 Ra8 72. Kg5 Be4
73. Rc7+ Ke6 74. Kh6 Kf6 75. g5+ Ke6 76. g6 Kf6 77. Bh4+ Kf5 78. Rf7+ Kg4 79.
Bf6 1-0